| 000 -LEADER |
| fixed length control field |
01009cam a2200289 a 4500 |
| 003 - CONTROL NUMBER IDENTIFIER |
| control field |
OSt |
| 005 - DATE AND TIME OF LATEST TRANSACTION |
| control field |
20200518133637.0 |
| 008 - FIXED-LENGTH DATA ELEMENTS--GENERAL INFORMATION |
| fixed length control field |
060726s2007 nyua 001 0 eng |
| 020 ## - INTERNATIONAL STANDARD BOOK NUMBER |
| International Standard Book Number |
1568986203 (pbk. : alk. paper) |
| 020 ## - INTERNATIONAL STANDARD BOOK NUMBER |
| International Standard Book Number |
9781568986203 (pbk. : alk. paper) |
| 082 00 - DEWEY DECIMAL CLASSIFICATION NUMBER |
| Classification number |
712MAR |
| Edition number |
22 |
| 100 1# - MAIN ENTRY--PERSONAL NAME |
| Personal name |
McHarg, Ian L., |
| Dates associated with a name |
1920-2001. |
| 245 10 - TITLE STATEMENT |
| Title |
Ian McHarg : |
| Remainder of title |
conversations with students : dwelling in nature / |
| Statement of responsibility, etc |
Lynn Margulis, James Corner, and Brian Hawthorne, editors. |
| 250 ## - EDITION STATEMENT |
| Edition statement |
1st ed. |
| 260 ## - PUBLICATION, DISTRIBUTION, ETC. (IMPRINT) |
| Place of publication, distribution, etc |
New York : |
| Name of publisher, distributor, etc |
Princeton Architectural Press, |
| Date of publication, distribution, etc |
c2007. |
| 300 ## - PHYSICAL DESCRIPTION |
| Extent |
112 p. : |
| Other physical details |
ill. ; |
| Dimensions |
21 cm. |
| 440 #0 - SERIES STATEMENT/ADDED ENTRY--TITLE |
| Title |
Conversations with students |
| 500 ## - GENERAL NOTE |
| General note |
Includes index. |
| 650 #0 - SUBJECT ADDED ENTRY--TOPICAL TERM |
| Topical term or geographic name as entry element |
Land use |
| General subdivision |
Planning |
| -- |
Environmental aspects. |
| 650 #0 - SUBJECT ADDED ENTRY--TOPICAL TERM |
| Topical term or geographic name as entry element |
Human ecology. |
| 650 #0 - SUBJECT ADDED ENTRY--TOPICAL TERM |
| Topical term or geographic name as entry element |
Ecological landscape design. |
| 650 #0 - SUBJECT ADDED ENTRY--TOPICAL TERM |
| Topical term or geographic name as entry element |
Landscape architecture |
| General subdivision |
Environmental aspects. |
| 700 1# - ADDED ENTRY--PERSONAL NAME |
| Personal name |
Margulis, Lynn, |
| Dates associated with a name |
1938-2011. |
| 700 1# - ADDED ENTRY--PERSONAL NAME |
| Personal name |
Corner, James, |
| Dates associated with a name |
1961- |
| 700 1# - ADDED ENTRY--PERSONAL NAME |
| Personal name |
Hawthorne, Brian, |
| Dates associated with a name |
1963- |
| 942 ## - ADDED ENTRY ELEMENTS (KOHA) |
| Source of classification or shelving scheme |
|